000 00437nam a2200169Ia 4500
001 24835
005 20260414151110.0
008 260414t2023||||xx |||||||||||||| ||spa||
041 _aESP
082 _a346
_bD84 T. 5
245 0 _aEl código procesal civil interpretado y aplicado por la Corte Suprema
_b
260 _c2023
300 _apáginas 3639-4620 :
_c25 cm.
650 _aDER
654 _aCDE
942 _cLIB
_dJUS
_fJUS
_2ddc
_n
999 _c24835
_d24835